书目信息 |
| 题名: |
特殊儿童功能性视力训练
|
|
| 作者: | 黄冬 主编 | |
| 分册: | ||
| 出版信息: | 南京 南京师范大学出版社 2015.01 |
|
| 页数: | 192页 | |
| 开本: | 24cm | |
| 丛书名: | 特殊儿童教育与康复文库 | |
| 单 册: | ||
| 中图分类: | G761 , R779.709 | |
| 科图分类: | ||
| 主题词: | 视觉障碍--儿童--视力--康复训练 | |
| 电子资源: | ||
| ISBN: | 978-7-5651-1966-8 | |
| 000 | 01123oam2 2200301 450 | |
| 001 | 0120151541931 | |
| 005 | 20160516094657.25 | |
| 010 | @a978-7-5651-1966-8@dCNY42.00(含光盘) | |
| 100 | @a20150409d2015 em y0chiy50 ea | |
| 101 | 0 | @achi |
| 102 | @aCN@b320000 | |
| 105 | @aak z 000yy | |
| 106 | @ar | |
| 200 | 1 | @a特殊儿童功能性视力训练@9te shu er tong gong neng xing shi li xun lian@f黄冬主编 |
| 210 | @a南京@c南京师范大学出版社@d2015.01 | |
| 215 | @a192页@c图@d24cm@e1光盘 | |
| 225 | 2 | @a特殊儿童教育与康复文库@v18 |
| 300 | @a国家出版基金项目 国家“十二五”重点图书出版规划项目 | |
| 307 | @a附光盘:ISBN 978-7-900799-31-9 | |
| 330 | @a本书主要内容包括:功能性视力评估;功能性视力检测;功能性视力训练的准备;视觉技能基本训练;视觉技能发展训练;视觉技能延伸训练;视觉技能综合训练;功能性视力训练课程设计与教案。 | |
| 333 | @a特殊儿童教育相关研究人员 | |
| 461 | 0 | @12001 @a特殊儿童教育与康复文库@v18 |
| 606 | 0 | @a视觉障碍@x儿童@x视力@x康复训练 |
| 690 | @aG761@v5 | |
| 690 | @aR779.709@v5 | |
| 701 | 0 | @a黄冬@9huang dong@4主编 |
| 801 | 0 | @aCN@b人天书店@c20150409 |
| 905 | @b877858-63@dG761@e65@f6 | |
| 特殊儿童功能性视力训练/黄冬主编.-南京:南京师范大学出版社,2015.01 |
| 192页:图;24cm+1光盘.-(特殊儿童教育与康复文库;18) |
| 国家出版基金项目 国家“十二五”重点图书出版规划项目.-使用对象:特殊儿童教育相关研究人员 |
| ISBN 978-7-5651-1966-8:CNY42.00(含光盘) |
| 本书主要内容包括:功能性视力评估;功能性视力检测;功能性视力训练的准备;视觉技能基本训练;视觉技能发展训练;视觉技能延伸训练;视觉技能综合训练;功能性视力训练课程设计与教案。 |
| ● |
| 相关链接 |
|
|
|
|
正题名:特殊儿童功能性视力训练
索取号:G761/65
 
预约/预借
| 序号 | 登录号 | 条形码 | 馆藏地/架位号 | 状态 | 备注 |
| 1 | 877858 | 208778580 | 第一样本阅览室/ [索取号:G761/65] | 在馆 | |
| 2 | 877859 | 208778599 | 教育系资料室/ [索取号:G761/65] | 在馆 | |
| 3 | 877860 | 208778606 | 教育系资料室/ [索取号:G761/65] | 在馆 | |
| 4 | 877861 | 208778615 | 教育系资料室/ [索取号:G761/65] | 在馆 | |
| 5 | 877862 | 208778624 | 第四借阅区/ [索取号:G761/65] | 在馆 | |
| 6 | 877863 | 208778633 | 第四借阅区/ [索取号:G761/65] | 在馆 |